书目信息 |
| 题名: |
最新实用英语应用能力考试模拟(实考)试题集
|
|
| 作者: | 石玉洁 主编 | |
| 分册: | ||
| 出版信息: | 合肥 中国科学技术大学出版社 2006.03 |
|
| 页数: | 204页 | |
| 开本: | 26cm | |
| 丛书名: | ||
| 单 册: | ||
| 中图分类: | H319.6 | |
| 科图分类: | ||
| 主题词: | 英语--ying yu--高等学校--试题 | |
| 电子资源: | ||
| ISBN: | 7-312-01899-8 | |
| 000 | 01153nam0 2200241 450 | |
| 001 | 012006130891 | |
| 005 | 20070604094811.64 | |
| 010 | @a7-312-01899-8@dCNY19.00 (含光盘) | |
| 100 | @a20061216d2006 km y0chiy0120 ea | |
| 101 | 0 | @achi@aeng |
| 102 | @aCN@b340000 | |
| 105 | @ay q 000yy | |
| 200 | 1 | @a最新实用英语应用能力考试模拟(实考)试题集@Azui xin shi yong ying yu ying yong neng li kao shi mo ni(shi kao)shi ti ji@d= The latest practical English model tests for colleges@f石玉洁主编@Fshi yu jie zhu bian@zeng |
| 210 | @a合肥@c中国科学技术大学出版社@d2006.03 | |
| 215 | @a204页@d26cm@e光盘1片 | |
| 307 | @a光盘 ISRC : CN-E16-06-0002-0 | |
| 330 | @a本书根据《高等学校英语应用能力考试大纲》和《高职高专教育英语课程教学基本要求》编写,由模拟试题、听力材料、参考答案及详解考试题组成。本着“实用为主,够用为度”的方针,既要求学生巩固所学习的英语语言基本知识,也强调提高学生运用英语进行有关业务工作的能力等。 | |
| 510 | 1 | @aLatest practical English model tests for colleges@zeng |
| 606 | 0 | @a英语@Aying yu@x高等学校@j试题 |
| 690 | @aH319.6@v4 | |
| 701 | 0 | @a石玉洁@Ashi yu jie@4主编 |
| 801 | 0 | @aCN@c20070604 |
| 905 | @b232621-23@dH319.6@eS547 | |
| 最新实用英语应用能力考试模拟(实考)试题集= The latest practical English model tests for colleges/石玉洁主编.-合肥:中国科学技术大学出版社,2006.03 |
| 204页;26cm+光盘1片 |
| ISBN 7-312-01899-8:CNY19.00 (含光盘) |
| 本书根据《高等学校英语应用能力考试大纲》和《高职高专教育英语课程教学基本要求》编写,由模拟试题、听力材料、参考答案及详解考试题组成。本着“实用为主,够用为度”的方针,既要求学生巩固所学习的英语语言基本知识,也强调提高学生运用英语进行有关业务工作的能力等。 |
| ● |
| 相关链接 |
|
|
|
正题名:最新实用英语应用能力考试模拟(实考)试题集
索取号:H319.6/S547
 
预约/预借
| 序号 | 登录号 | 条形码 | 馆藏地/架位号 | 状态 | 备注 |
| 1 | 232621 | 202326214 | 语言库209/209语言库 57排7列2层/ [索取号:H319.6/S547] | 在馆 | |
| 2 | 232622 | 202326223 | 语言库209/209语言库 57排7列2层/ [索取号:H319.6/S547] | 在馆 | |
| 3 | 232623 | 202326232 | 语言库209/209语言库 57排7列2层/ [索取号:H319.6/S547] | 在馆 |